<?xml version="1.0" encoding="UTF-8"?>
<collection xmlns="http://www.loc.gov/MARC21/slim">
<record>
  <controlfield tag="001">170738</controlfield>
  <controlfield tag="005">20260429150230.0</controlfield>
  <datafield tag="037" ind1=" " ind2=" ">
    <subfield code="a">TAZ-TFG-2025-4808</subfield>
  </datafield>
  <datafield tag="041" ind1=" " ind2=" ">
    <subfield code="a">spa</subfield>
  </datafield>
  <datafield tag="100" ind1="1" ind2=" ">
    <subfield code="a">Karafy Mohib, Ahmed</subfield>
  </datafield>
  <datafield tag="242" ind1="0" ind2="0">
    <subfield code="a">Data management techniques for recommendation systems in distributed environments and mobile devices</subfield>
  </datafield>
  <datafield tag="245" ind1="0" ind2="0">
    <subfield code="a">Técnicas de gestión de datos para sistemas de recomendación en entornos distribuidos y dispositivos móviles</subfield>
  </datafield>
  <datafield tag="260" ind1=" " ind2=" ">
    <subfield code="a">Zaragoza</subfield>
    <subfield code="b">Universidad de Zaragoza</subfield>
    <subfield code="c">2025</subfield>
  </datafield>
  <datafield tag="506" ind1=" " ind2=" ">
    <subfield code="a">by-nc-sa</subfield>
    <subfield code="b">Creative Commons</subfield>
    <subfield code="c">3.0</subfield>
    <subfield code="u">http://creativecommons.org/licenses/by-nc-sa/3.0/</subfield>
  </datafield>
  <datafield tag="520" ind1=" " ind2=" ">
    <subfield code="a">El presente Trabajo Fin de Grado estudia diferentes técnicas de gestión de datos aplicadas al desarrollo de sistemas de recomendación en entornos distribuidos y dispositivos móviles. El objetivo principal es explorar soluciones que permitan desplegar recomendadores embebidos en dispositivos móviles, sin depender de servidores externos, evaluando su viabilidad en términos de privacidad, autonomía y eficiencia. Para ello, se han analizado dos aplicaciones representativas. En primer lugar, R-Rules, un prototipo de motor basado en reglas y activación sensible al contexto, en el que la parte de recomendación se limita a funcionalidades sencillas. El objetivo principal en este trabajo ha sido modernizar su base tecnológica. Esto implicó garantizar la compatibilidad con versiones recientes de Android, mejorar la mantenibilidad del código y sustituir bibliotecas descontinuadas por alternativas activamente mantenidas, facilitando así una mejor experiencia de desarrollo y usuario. Además, se incorporó un módulo de comunicación peer-to-peer (P2P) para el intercambio directo de reglas y datos entre dispositivos. En segundo lugar, se exploró PASEO, una aplicación móvil para turismo inteligente que proporciona recomendaciones contextuales y personalizadas. Mientras que su arquitectura original seguía un enfoque cliente-servidor, en este trabajo se investigó la viabilidad de migrar la lógica del sistema al propio dispositivo móvil, complementándola con un módulo P2P que permite compartir valoraciones y elementos favoritos entre usuarios, con el fin de mejorar la colaboración y enriquecer las recomendaciones locales. Este trabajo se enmarca en el proyecto de investigación NEAT-AMBIENCE, contribuyendo al avance hacia sistemas de recomendación móviles más autónomos, colaborativos, privados y eficientes.&lt;br /></subfield>
  </datafield>
  <datafield tag="521" ind1=" " ind2=" ">
    <subfield code="a">Graduado en Ingeniería Informática</subfield>
  </datafield>
  <datafield tag="540" ind1=" " ind2=" ">
    <subfield code="a">Derechos regulados por licencia Creative Commons</subfield>
  </datafield>
  <datafield tag="856" ind1="0" ind2=" ">
    <subfield code="f">850111@celes.unizar.es</subfield>
  </datafield>
  <datafield tag="856" ind1="4" ind2=" ">
    <subfield code="s">2145475</subfield>
    <subfield code="u">http://zaguan.unizar.es/record/170738/files/TAZ-TFG-2025-4808.pdf</subfield>
    <subfield code="y">Memoria (spa)</subfield>
  </datafield>
  <datafield tag="909" ind1="C" ind2="O">
    <subfield code="o">oai:zaguan.unizar.es:170738</subfield>
    <subfield code="p">driver</subfield>
    <subfield code="p">trabajos-fin-grado</subfield>
  </datafield>
  <datafield tag="950" ind1=" " ind2=" ">
    <subfield code="a"></subfield>
  </datafield>
  <datafield tag="691" ind1=" " ind2=" ">
    <subfield code="a">11 12</subfield>
  </datafield>
  <datafield tag="692" ind1=" " ind2=" ">
    <subfield code="a">A través de la investigación de sistemas de recomendación se puede mejorar la sostenibilidad tanto en comunidades como en consumo. Además este trabajo se enmarca en el proyecto NEAT_AMBIENCE</subfield>
  </datafield>
  <datafield tag="700" ind1=" " ind2=" ">
    <subfield code="a">Ilarri Artigas, Sergio</subfield>
    <subfield code="e">dir.</subfield>
  </datafield>
  <datafield tag="710" ind1="2" ind2=" ">
    <subfield code="a">Universidad de Zaragoza</subfield>
    <subfield code="b">Informática e Ingeniería de Sistemas</subfield>
    <subfield code="c">Lenguajes y Sistemas Informáticos</subfield>
  </datafield>
  <datafield tag="980" ind1=" " ind2=" ">
    <subfield code="a">TAZ</subfield>
    <subfield code="b">TFG</subfield>
    <subfield code="c">EINA</subfield>
  </datafield>
  <datafield tag="999" ind1=" " ind2=" ">
    <subfield code="a">20251201213806.CREATION_DATE</subfield>
  </datafield>
  <datafield tag="951" ind1=" " ind2=" ">
    <subfield code="a">deposita:2026-04-29</subfield>
  </datafield>
</record>
</collection>